[Event "European Chess Club Cup 2023"]
[Site "Durres, Albania"]
[Date "2023.10.01"]
[Round "1.28"]
[White "Duncan, Chris R"]
[Black "Fedorchuk, Sergey A."]
[Result "0-1"]
[TimeControl "90' + 30' & 30\""]
[WhiteElo "2175"]
[BlackElo "2564"]

1. c4 {[%clk 01:30:57]} {[%emt 02:10:12]} e5 {[%clk 01:29:57]} {[%emt
00:01:05]} 2. Nc3 {[%clk 01:31:20]} {[%emt 00:00:05]} Bb4 {[%clk 01:27:32]}
{[%emt 00:02:54]} 3. Nd5 {[%clk 01:31:15]} {[%emt 00:00:36]} a5 {[%clk
01:26:27]} {[%emt 00:01:36]} 4. a3 {[%clk 01:27:51]} {[%emt 00:04:00]} Bc5
{[%clk 01:25:35]} {[%emt 00:01:15]} 5. e3 {[%clk 01:27:24]} {[%emt 00:00:57]}
Nf6 {[%clk 01:15:30]} {[%emt 00:10:36]} 6. d4 {[%clk 01:25:44]} {[%emt
00:02:10]} Nxd5 {[%clk 01:15:16]} {[%emt 00:00:44]} 7. cxd5 {[%clk 01:08:43]}
{[%emt 00:17:31]} exd4 {[%clk 01:14:26]} {[%emt 00:01:20]} 8. exd4 {[%clk
01:09:06]} {[%emt 00:00:07]} Bb6 {[%clk 01:13:07]} {[%emt 00:01:48]} 9. Nf3
{[%clk 00:53:54]} {[%emt 00:15:43]} O-O {[%clk 01:12:02]} {[%emt 00:01:35]} 10.
Bg5 {[%clk 00:52:15]} {[%emt 00:02:08]} Qe8+ {[%clk 01:11:44]} {[%emt
00:00:48]} 11. Be2 {[%clk 00:49:46]} {[%emt 00:02:59]} h6 {[%clk 01:08:59]}
{[%emt 00:03:15]} 12. Bh4 {[%clk 00:38:17]} {[%emt 00:11:59]} d6 {[%clk
01:05:42]} {[%emt 00:03:47]} 13. O-O {[%clk 00:38:23]} {[%emt 00:00:24]} Qe4
{[%clk 00:47:52]} {[%emt 00:18:19]} 14. h3 {[%clk 00:17:53]} {[%emt 00:21:01]}
Qxd5 {[%clk 00:46:01]} {[%emt 00:02:20]} 15. Rc1 {[%clk 00:18:15]} {[%emt
00:00:09]} Nc6 {[%clk 00:45:06]} {[%emt 00:01:26]} 16. Re1 {[%clk 00:13:45]}
{[%emt 00:05:01]} Nxd4 {[%clk 00:28:36]} {[%emt 00:17:00]} 17. Nxd4 {[%clk
00:13:59]} {[%emt 00:00:16]} Qxd4 {[%clk 00:28:59]} {[%emt 00:00:07]} 18. Qxd4
{[%clk 00:13:44]} {[%emt 00:00:45]} Bxd4 {[%clk 00:29:23]} {[%emt 00:00:05]} 19.
Rxc7 {[%clk 00:13:44]} {[%emt 00:00:30]} Re8 {[%clk 00:29:23]} {[%emt
00:00:30]} 20. Bg3 {[%clk 00:03:15]} {[%emt 00:10:59]} Bxb2 {[%clk 00:21:10]}
{[%emt 00:08:43]} 21. Bxd6 {[%clk 00:03:38]} {[%emt 00:00:07]} Re6 {[%clk
00:15:59]} {[%emt 00:05:41]} 22. Bc5 {[%clk 00:01:52]} {[%emt 00:02:16]} Bc3
{[%clk 00:13:56]} {[%emt 00:02:33]} 23. Rd1 {[%clk 00:00:55]} {[%emt 00:01:28]}
Rxe2 {[%clk 00:14:02]} {[%emt 00:00:24]} 24. Rd8+ {[%clk 00:01:18]} {[%emt
00:00:07]} Kh7 {[%clk 00:14:26]} {[%emt 00:00:05]} 25. Rcxc8 {[%clk 00:00:36]}
{[%emt 00:01:12]} Rxc8 {[%clk 00:14:45]} {[%emt 00:00:11]} 26. Rxc8 {[%clk
00:01:04]} {[%emt 00:00:02]} Re1+ {[%clk 00:14:50]} {[%emt 00:00:25]} 27. Kh2
{[%clk 00:01:31]} {[%emt 00:00:04]} Be5+ {[%clk 00:15:10]} {[%emt 00:00:09]} 28.
g3 {[%clk 00:01:55]} {[%emt 00:00:06]} Rc1 {[%clk 00:15:34]} {[%emt 00:00:06]}
0-1

[Event "European Chess Club Cup 2023"]
[Site "Durres, Albania"]
[Date "2023.10.01"]
[Round "1.29"]
[White "Maze, Sebastien"]
[Black "Nelson, Jonathan P"]
[Result "1/2-1/2"]
[TimeControl "90' + 30' & 30\""]
[WhiteElo "2546"]
[BlackElo "2132"]

1. e4 {[%clk 01:30:58]} {[%emt 00:00:05]} e6 {[%clk 01:30:46]} {[%emt
00:00:12]} 2. d4 {[%clk 01:31:22]} {[%emt 00:00:07]} d5 {[%clk 01:31:10]}
{[%emt 00:00:05]} 3. e5 {[%clk 01:31:39]} {[%emt 00:00:13]} c5 {[%clk
01:31:35]} {[%emt 00:00:04]} 4. c3 {[%clk 01:32:07]} {[%emt 00:00:03]} Nc6
{[%clk 01:31:20]} {[%emt 00:00:44]} 5. Nf3 {[%clk 01:32:33]} {[%emt 00:00:04]}
Bd7 {[%clk 01:31:40]} {[%emt 00:00:11]} 6. Be2 {[%clk 01:32:38]} {[%emt
00:00:25]} Nh6 {[%clk 01:24:37]} {[%emt 00:07:41]} 7. Bxh6 {[%clk 01:31:26]}
{[%emt 00:01:34]} gxh6 {[%clk 01:25:00]} {[%emt 00:00:06]} 8. O-O {[%clk
01:31:20]} {[%emt 00:00:36]} Bg7 {[%clk 01:21:02]} {[%emt 00:04:28]} 9. Na3
{[%clk 01:27:03]} {[%emt 00:04:48]} O-O {[%clk 01:19:18]} {[%emt 00:02:13]} 10.
Nc2 {[%clk 01:27:08]} {[%emt 00:00:26]} cxd4 {[%clk 01:15:02]} {[%emt
00:04:46]} 11. cxd4 {[%clk 01:27:36]} {[%emt 00:00:02]} f6 {[%clk 01:15:06]}
{[%emt 00:00:26]} 12. exf6 {[%clk 01:28:03]} {[%emt 00:00:03]} Qxf6 {[%clk
01:15:27]} {[%emt 00:00:09]} 13. b4 {[%clk 01:23:04]} {[%emt 00:05:29]} Be8
{[%clk 01:02:14]} {[%emt 00:13:42]} 14. b5 {[%clk 01:19:45]} {[%emt 00:03:50]}
Ne7 {[%clk 01:01:30]} {[%emt 00:01:13]} 15. Ne3 {[%clk 00:49:02]} {[%emt
00:31:13]} Ng6 {[%clk 00:44:21]} {[%emt 00:17:39]} 16. Bd3 {[%clk 00:24:21]}
{[%emt 00:25:12]} h5 {[%clk 00:24:40]} {[%emt 00:20:10]} 17. Rc1 {[%clk
00:18:54]} {[%emt 00:05:58]} Qf4 {[%clk 00:19:33]} {[%emt 00:05:35]} 18. a4
{[%clk 00:13:18]} {[%emt 00:06:07]} h4 {[%clk 00:16:47]} {[%emt 00:03:16]} 19.
Be2 {[%clk 00:11:31]} {[%emt 00:02:17]} Qd6 {[%clk 00:12:43]} {[%emt 00:04:34]}
20. g3 {[%clk 00:11:02]} {[%emt 00:00:59]} a6 {[%clk 00:11:43]} {[%emt
00:01:31]} 21. Re1 {[%clk 00:05:55]} {[%emt 00:05:37]} axb5 {[%clk 00:09:09]}
{[%emt 00:03:04]} 22. Bxb5 {[%clk 00:06:19]} {[%emt 00:00:06]} Bxb5 {[%clk
00:09:16]} {[%emt 00:00:23]} 23. axb5 {[%clk 00:06:48]} {[%emt 00:00:01]} Ra3
{[%clk 00:09:21]} {[%emt 00:00:25]} 24. Ng5 {[%clk 00:06:20]} {[%emt 00:00:58]}
h6 {[%clk 00:05:11]} {[%emt 00:04:39]} 25. Qh5 {[%clk 00:05:47]} {[%emt
00:01:03]} e5 {[%clk 00:04:14]} {[%emt 00:01:28]} 26. Nf3 {[%clk 00:02:10]}
{[%emt 00:04:07]} Qf6 {[%clk 00:03:16]} {[%emt 00:01:27]} 27. dxe5 {[%clk
00:00:41]} {[%emt 00:02:00]} Qxf3 {[%clk 00:03:38]} {[%emt 00:00:08]} 28. Ng4
{[%clk 00:00:33]} {[%emt 00:00:38]} Qf5 {[%clk 00:03:05]} {[%emt 00:01:02]} 29.
Qxf5 {[%clk 00:00:42]} {[%emt 00:00:22]} Rxf5 {[%clk 00:03:33]} {[%emt
00:00:01]} 30. e6 {[%clk 00:00:54]} {[%emt 00:00:19]} hxg3 {[%clk 00:02:58]}
{[%emt 00:01:05]} 31. e7 {[%clk 00:00:55]} {[%emt 00:00:30]} gxf2+ {[%clk
00:03:06]} {[%emt 00:00:21]} 32. Nxf2 {[%clk 00:01:23]} {[%emt 00:00:01]} Nxe7
{[%clk 00:03:04]} {[%emt 00:00:32]} 33. Rxe7 {[%clk 00:01:49]} {[%emt
00:00:05]} Bd4 {[%clk 00:03:26]} {[%emt 00:00:08]} 34. Rc8+ {[%clk 00:01:55]}
{[%emt 00:00:25]} Rf8 {[%clk 00:03:50]} {[%emt 00:00:05]} 35. Rxf8+ {[%clk
00:02:15]} {[%emt 00:00:09]} Kxf8 {[%clk 00:04:18]} {[%emt 00:00:02]} 36. Rxb7
{[%clk 00:02:42]} {[%emt 00:00:04]} Ra2 {[%clk 00:02:26]} {[%emt 00:02:22]} 37.
Rd7 {[%clk 00:02:58]} {[%emt 00:00:14]} Bxf2+ {[%clk 00:01:49]} {[%emt
00:01:06]} 38. Kh1 {[%clk 00:02:50]} {[%emt 00:00:38]} Ra7 {[%clk 00:01:03]}
{[%emt 00:01:16]} 39. Rxd5 {[%clk 00:03:09]} {[%emt 00:00:12]} Kg7 {[%clk
00:01:10]} {[%emt 00:00:22]} 40. Kg2 {[%clk 00:03:26]} {[%emt 00:00:14]} Bb6
{[%clk 00:01:26]} {[%emt 00:00:12]} 41. Kf3 {[%clk 00:01:50]} {[%emt 00:02:08]}
Rf7+ {[%clk 00:29:27]} {[%emt 00:02:29]} 42. Kg4 {[%clk 00:28:39]} {[%emt
00:03:41]} Be3 {[%clk 00:26:46]} {[%emt 00:03:08]} 43. Rd3 {[%clk 00:22:29]}
{[%emt 00:06:42]} Bg5 {[%clk 00:24:56]} {[%emt 00:02:19]} 44. Rb3 {[%clk
00:22:36]} {[%emt 00:00:24]} Kg6 {[%clk 00:24:16]} {[%emt 00:01:11]} 45. b6
{[%clk 00:17:43]} {[%emt 00:05:24]} h5+ {[%clk 00:23:54]} {[%emt 00:00:51]} 46.
Kg3 {[%clk 00:16:48]} {[%emt 00:01:24]} Bf4+ {[%clk 00:23:47]} {[%emt
00:00:37]} 47. Kg2 {[%clk 00:17:16]} {[%emt 00:00:03]} Rb7 {[%clk 00:24:02]}
{[%emt 00:00:14]} 48. Rb5 {[%clk 00:16:02]} {[%emt 00:01:45]} Bb8 {[%clk
00:19:18]} {[%emt 00:05:13]} 49. h4 {[%clk 00:13:37]} {[%emt 00:02:56]} Kh6
{[%clk 00:17:53]} {[%emt 00:01:54]} 50. Rb3 {[%clk 00:12:13]} {[%emt 00:01:55]}
Rg7+ {[%clk 00:17:25]} {[%emt 00:00:57]} 51. Kh3 {[%clk 00:11:45]} {[%emt
00:00:58]} Rg6 {[%clk 00:17:02]} {[%emt 00:00:53]} 52. b7 {[%clk 00:10:41]}
{[%emt 00:01:34]} Kh7 {[%clk 00:15:39]} {[%emt 00:01:53]} 53. Rd3 {[%clk
00:09:21]} {[%emt 00:01:51]} Rg7 {[%clk 00:15:55]} {[%emt 00:00:13]} 54. Rb3
{[%clk 00:09:40]} {[%emt 00:00:12]} Kg8 {[%clk 00:15:55]} {[%emt 00:00:29]} 55.
Rd3 {[%clk 00:09:40]} {[%emt 00:00:30]} Rxb7 {[%clk 00:16:04]} {[%emt
00:00:22]} 56. Rd5 {[%clk 00:10:08]} {[%emt 00:00:03]} Rb3+ {[%clk 00:10:15]}
{[%emt 00:06:18]} 57. Kg2 {[%clk 00:10:37]} {[%emt 00:00:01]} Kf7 {[%clk
00:08:21]} {[%emt 00:02:22]} 58. Rxh5 {[%clk 00:10:56]} {[%emt 00:00:12]} Kg6
{[%clk 00:08:06]} {[%emt 00:00:45]} 59. Rg5+ {[%clk 00:10:50]} {[%emt
00:00:37]} Kh6 {[%clk 00:08:23]} {[%emt 00:00:13]} 60. Rf5 {[%clk 00:10:39]}
{[%emt 00:00:40]} Rb4 {[%clk 00:07:49]} {[%emt 00:01:01]} 61. Kh3 {[%clk
00:10:30]} {[%emt 00:00:43]} Rb3+ {[%clk 00:07:41]} {[%emt 00:00:37]} 62. Kg2
{[%clk 00:10:56]} {[%emt 00:00:05]} Rg3+ {[%clk 00:07:24]} {[%emt 00:00:46]} 63.
Kf2 {[%clk 00:11:23]} {[%emt 00:00:04]} Rg7 {[%clk 00:07:36]} {[%emt 00:00:16]}
64. Rg5 {[%clk 00:10:07]} {[%emt 00:01:48]} Rf7+ {[%clk 00:07:44]} {[%emt
00:00:21]} 65. Kg2 {[%clk 00:10:24]} {[%emt 00:00:13]} Bf4 {[%clk 00:07:27]}
{[%emt 00:00:47]} 66. Rc5 {[%clk 00:10:05]} {[%emt 00:00:49]} Rf6 {[%clk
00:06:23]} {[%emt 00:01:33]} 67. Rb5 {[%clk 00:09:59]} {[%emt 00:00:38]} Rg6+
{[%clk 00:06:09]} {[%emt 00:00:43]} 68. Kf3 {[%clk 00:10:18]} {[%emt 00:00:11]}
Bd6 {[%clk 00:06:28]} {[%emt 00:00:10]} 69. Rg5 {[%clk 00:10:23]} {[%emt
00:00:27]} Rf6+ {[%clk 00:06:49]} {[%emt 00:00:09]} 70. Kg2 {[%clk 00:06:26]}
{[%emt 00:04:27]} Rf4 {[%clk 00:06:43]} {[%emt 00:00:35]} 71. Kh3 {[%clk
00:06:51]} {[%emt 00:00:05]} Be7 {[%clk 00:06:49]} {[%emt 00:00:23]} 72. Rg4
{[%clk 00:07:20]} {[%emt 00:00:02]} Rf5 {[%clk 00:06:50]} {[%emt 00:00:29]} 73.
Re4 {[%clk 00:07:17]} {[%emt 00:00:34]} Bf6 {[%clk 00:04:25]} {[%emt 00:02:22]}
1/2-1/2

[Event "European Chess Club Cup 2023"]
[Site "Durres, Albania"]
[Date "2023.10.01"]
[Round "1.30"]
[White "Ledger, Stephen C"]
[Black "Libiszewski, Fabien"]
[Result "0-1"]
[TimeControl "90' + 30' & 30\""]
[WhiteElo "1994"]
[BlackElo "2496"]

1. d4 {[%clk 01:30:55]} {[%emt 00:00:05]} Nf6 {[%clk 01:30:55]} {[%emt
00:00:06]} 2. Bg5 {[%clk 01:31:02]} {[%emt 00:00:22]} c5 {[%clk 01:31:06]}
{[%emt 00:00:18]} 3. Bxf6 {[%clk 01:30:36]} {[%emt 00:00:56]} exf6 {[%clk
01:31:29]} {[%emt 00:00:07]} 4. c3 {[%clk 01:28:03]} {[%emt 00:03:03]} d5
{[%clk 01:30:54]} {[%emt 00:01:06]} 5. Nf3 {[%clk 01:27:22]} {[%emt 00:01:12]}
Nc6 {[%clk 01:30:03]} {[%emt 00:01:21]} 6. e3 {[%clk 01:25:20]} {[%emt
00:02:31]} Be6 {[%clk 01:29:13]} {[%emt 00:01:19]} 7. dxc5 {[%clk 01:21:55]}
{[%emt 00:03:55]} Bxc5 {[%clk 01:29:25]} {[%emt 00:00:18]} 8. Nbd2 {[%clk
01:21:44]} {[%emt 00:00:42]} O-O {[%clk 01:27:34]} {[%emt 00:02:21]} 9. Nb3
{[%clk 01:20:11]} {[%emt 00:02:02]} Bb6 {[%clk 01:25:41]} {[%emt 00:02:23]} 10.
Be2 {[%clk 01:19:10]} {[%emt 00:01:31]} f5 {[%clk 01:24:29]} {[%emt 00:01:42]}
11. O-O {[%clk 01:08:30]} {[%emt 00:11:10]} Qf6 {[%clk 01:23:51]} {[%emt
00:01:09]} 12. Qd2 {[%clk 01:04:34]} {[%emt 00:04:25]} Rad8 {[%clk 01:22:07]}
{[%emt 00:02:15]} 13. Nbd4 {[%clk 01:01:27]} {[%emt 00:03:37]} g5 {[%clk
01:15:11]} {[%emt 00:07:26]} 14. g3 {[%clk 00:52:50]} {[%emt 00:09:06]} Bc7
{[%clk 01:06:56]} {[%emt 00:08:46]} 15. Rad1 {[%clk 00:47:31]} {[%emt
00:05:48]} f4 {[%clk 01:00:59]} {[%emt 00:06:28]} 16. exf4 {[%clk 00:35:22]}
{[%emt 00:12:38]} gxf4 {[%clk 01:01:10]} {[%emt 00:00:20]} 17. Rfe1 {[%clk
00:34:29]} {[%emt 00:01:23]} Ne7 {[%clk 00:38:38]} {[%emt 00:23:01]} 18. Nh4
{[%clk 00:19:02]} {[%emt 00:15:58]} Ng6 {[%clk 00:33:13]} {[%emt 00:05:55]} 19.
Nxg6 {[%clk 00:16:20]} {[%emt 00:03:12]} hxg6 {[%clk 00:33:27]} {[%emt
00:00:16]} 20. Nxe6 {[%clk 00:15:26]} {[%emt 00:01:23]} fxe6 {[%clk 00:33:32]}
{[%emt 00:00:26]} 21. Bg4 {[%clk 00:15:14]} {[%emt 00:00:41]} e5 {[%clk
00:32:56]} {[%emt 00:01:07]} 22. gxf4 {[%clk 00:11:38]} {[%emt 00:04:06]} e4
{[%clk 00:31:25]} {[%emt 00:02:01]} 23. h3 {[%clk 00:08:21]} {[%emt 00:03:47]}
Bxf4 {[%clk 00:29:21]} {[%emt 00:02:34]} 24. Qd4 {[%clk 00:08:15]} {[%emt
00:00:36]} Be5 {[%clk 00:28:41]} {[%emt 00:01:10]} 25. Qe3 {[%clk 00:02:10]}
{[%emt 00:06:34]} d4 {[%clk 00:21:49]} {[%emt 00:07:23]} 26. cxd4 {[%clk
00:02:29]} {[%emt 00:00:11]} Bxd4 {[%clk 00:22:10]} {[%emt 00:00:09]} 27. Qb3+
{[%clk 00:02:39]} {[%emt 00:00:19]} Kh8 {[%clk 00:22:36]} {[%emt 00:00:04]} 28.
Rxe4 {[%clk 00:02:17]} {[%emt 00:00:53]} Bxf2+ {[%clk 00:18:10]} {[%emt
00:04:56]} 29. Kg2 {[%clk 00:02:03]} {[%emt 00:00:43]} Rxd1 {[%clk 00:17:50]}
{[%emt 00:00:51]} 30. Qxd1 {[%clk 00:01:54]} {[%emt 00:00:39]} Qxb2 {[%clk
00:17:08]} {[%emt 00:01:12]} 31. Re2 {[%clk 00:01:41]} {[%emt 00:00:43]} Qf6
{[%clk 00:15:54]} {[%emt 00:01:44]} 32. Qd2 {[%clk 00:01:11]} {[%emt 00:00:59]}
Qc6+ {[%clk 00:13:32]} {[%emt 00:02:52]} 33. Kh2 {[%clk 00:01:14]} {[%emt
00:00:27]} Qc7+ {[%clk 00:13:05]} {[%emt 00:00:57]} 34. Kh1 {[%emt 00:01:42]}
Bc5 {[%clk 00:12:16]} 35. Qh6+ {[%clk 00:00:38]} {[%emt 00:01:14]} Qh7 {[%clk
00:12:41]} {[%emt 00:00:04]} 36. Qxh7+ {[%clk 00:00:34]} {[%emt 00:00:35]} Kxh7
{[%clk 00:13:10]} {[%emt 00:00:01]} 37. Rd2 {[%clk 00:00:32]} {[%emt 00:00:31]}
Kh6 {[%clk 00:13:28]} {[%emt 00:00:14]} 38. Rd7 {[%clk 00:00:34]} {[%emt
00:00:27]} Rf2 {[%clk 00:06:17]} {[%emt 00:07:41]} 39. a4 {[%clk 00:00:42]}
{[%emt 00:00:21]} Rb2 {[%clk 00:05:23]} {[%emt 00:01:24]} 40. Bf3 {[%clk
00:00:33]} {[%emt 00:00:39]} Rb4 {[%clk 00:03:08]} {[%emt 00:02:46]} 41. Rxb7
{[%clk 00:24:22]} {[%emt 00:06:41]} Rxa4 {[%clk 00:33:32]} {[%emt 00:00:06]} 42.
Rb2 {[%clk 00:20:55]} {[%emt 00:03:56]} Ra1+ {[%clk 00:31:13]} {[%emt
00:02:49]} 43. Kg2 {[%clk 00:20:40]} {[%emt 00:00:45]} a5 {[%clk 00:31:30]}
{[%emt 00:00:13]} 44. Rc2 {[%clk 00:20:32]} {[%emt 00:00:38]} Bd4 {[%clk
00:29:00]} {[%emt 00:03:00]} 45. Be4 {[%clk 00:18:00]} {[%emt 00:03:03]} Re1
{[%clk 00:22:51]} {[%emt 00:06:39]} 46. Bc6 {[%clk 00:16:49]} {[%emt 00:01:40]}
Kg5 {[%clk 00:22:41]} {[%emt 00:00:40]} 47. Rd2 {[%clk 00:15:15]} {[%emt
00:02:05]} Bc3 {[%clk 00:21:09]} {[%emt 00:02:01]} 48. Rd3 {[%clk 00:14:21]}
{[%emt 00:01:22]} Bb4 {[%clk 00:19:51]} {[%emt 00:01:50]} 49. Bd7 {[%clk
00:14:10]} {[%emt 00:00:41]} Kf6 {[%clk 00:18:54]} {[%emt 00:01:27]} 50. Kf3
{[%clk 00:13:35]} {[%emt 00:01:04]} Ra1 {[%clk 00:17:10]} {[%emt 00:02:15]} 51.
Kg4 {[%clk 00:11:16]} {[%emt 00:02:50]} a4 {[%clk 00:16:04]} {[%emt 00:01:36]}
52. Rf3+ {[%clk 00:07:33]} {[%emt 00:04:13]} Ke7 {[%clk 00:13:45]} {[%emt
00:02:49]} 53. Bxa4 {[%clk 00:07:03]} {[%emt 00:01:00]} Rxa4 {[%clk 00:14:25]}
{[%emt 00:00:20]} 54. Rf4 {[%clk 00:07:45]} {[%emt 00:00:17]} Ke6 {[%clk
00:10:13]} {[%emt 00:04:42]} 55. h4 {[%clk 00:04:44]} {[%emt 00:03:31]} Kd5
{[%clk 00:10:03]} {[%emt 00:00:41]} 56. h5 {[%clk 00:04:01]} {[%emt 00:01:13]}
g5 {[%clk 00:09:14]} {[%emt 00:01:19]} 57. Rf5+ {[%clk 00:01:02]} {[%emt
00:03:28]} Ke6 {[%clk 00:09:05]} {[%emt 00:00:39]} 58. Rb5 {[%clk 00:00:33]}
{[%emt 00:00:59]} Be7+ {[%clk 00:09:10]} {[%emt 00:00:25]} 59. Kg3 {[%clk
00:00:32]} {[%emt 00:00:32]} Rh4 {[%clk 00:08:11]} {[%emt 00:01:29]} 60. h6
{[%clk 00:00:31]} {[%emt 00:00:31]} Bd6+ {[%clk 00:08:08]} {[%emt 00:00:32]} 61.
Kg2 {[%clk 00:00:35]} {[%emt 00:00:26]} g4 {[%clk 00:07:08]} {[%emt 00:01:31]}
62. Rg5 {[%clk 00:00:36]} {[%emt 00:00:28]} Kf6 {[%clk 00:06:18]} {[%emt
00:01:21]} 63. Rg8 {[%clk 00:00:33]} {[%emt 00:00:33]} Rh2+ {[%clk 00:06:23]}
{[%emt 00:00:25]} 64. Kg1 {[%clk 00:00:54]} {[%emt 00:00:08]} g3 {[%clk
00:06:22]} {[%emt 00:00:31]} 0-1

[Event "European Chess Club Cup 2023"]
[Site "Durres, Albania"]
[Date "2023.10.01"]
[Round "1.31"]
[White "Ostenstad, Berge"]
[Black "Donchenko, Alexander"]
[Result "1/2-1/2"]
[TimeControl "90' + 30' & 30\""]
[WhiteElo "2441"]
[BlackElo "2676"]

1. Nf3 {[%clk 01:30:54]} {[%emt 00:00:06]} d5 {[%clk 01:30:29]} {[%emt
00:00:31]} 2. d4 {[%clk 01:30:46]} {[%emt 00:00:38]} Nf6 {[%clk 01:30:52]}
{[%emt 00:00:07]} 3. c4 {[%clk 01:31:11]} {[%emt 00:00:05]} e6 {[%clk
01:31:06]} {[%emt 00:00:15]} 4. Nc3 {[%clk 01:31:31]} {[%emt 00:00:10]} dxc4
{[%clk 01:31:12]} {[%emt 00:00:25]} 5. e3 {[%clk 01:30:53]} {[%emt 00:01:08]}
a6 {[%clk 01:31:22]} {[%emt 00:00:20]} 6. a4 {[%clk 01:30:55]} {[%emt
00:00:29]} Bb4 {[%clk 01:31:14]} {[%emt 00:00:36]} 7. Bxc4 {[%clk 01:30:37]}
{[%emt 00:00:48]} b6 {[%clk 01:31:28]} {[%emt 00:00:18]} 8. O-O {[%clk
01:28:11]} {[%emt 00:02:54]} Bb7 {[%clk 01:31:26]} {[%emt 00:00:32]} 9. Qe2
{[%clk 01:24:04]} {[%emt 00:04:37]} O-O {[%clk 01:31:25]} {[%emt 00:00:32]} 10.
Rd1 {[%clk 01:23:42]} {[%emt 00:00:51]} Qe7 {[%clk 01:29:41]} {[%emt 00:02:14]}
11. Ne5 {[%clk 01:12:00]} {[%emt 00:12:12]} Nbd7 {[%clk 01:26:55]} {[%emt
00:03:17]} 12. Nd3 {[%clk 01:11:56]} {[%emt 00:00:34]} Ba5 {[%clk 01:14:32]}
{[%emt 00:12:52]} 13. Bd2 {[%clk 01:01:38]} {[%emt 00:10:48]} c5 {[%clk
01:14:14]} {[%emt 00:00:49]} 14. Be1 {[%clk 01:00:57]} {[%emt 00:01:11]} Rfc8
{[%clk 01:06:06]} {[%emt 00:08:38]} 15. Ba2 {[%clk 00:57:43]} {[%emt 00:03:44]}
c4 {[%clk 00:55:51]} {[%emt 00:10:45]} 16. Ne5 {[%clk 00:48:07]} {[%emt
00:10:05]} Bxc3 {[%clk 00:48:57]} {[%emt 00:07:25]} 17. Bxc3 {[%clk 00:46:19]}
{[%emt 00:02:23]} Nxe5 {[%clk 00:48:50]} {[%emt 00:00:32]} 18. dxe5 {[%clk
00:46:41]} {[%emt 00:00:08]} Nd5 {[%clk 00:49:07]} {[%emt 00:00:13]} 19. Bd4
{[%clk 00:45:17]} {[%emt 00:01:54]} b5 {[%clk 00:47:13]} {[%emt 00:02:32]} 20.
Rac1 {[%clk 00:33:34]} {[%emt 00:12:06]} Qb4 {[%clk 00:45:18]} {[%emt
00:02:25]} 21. axb5 {[%clk 00:33:04]} {[%emt 00:01:00]} axb5 {[%clk 00:45:40]}
{[%emt 00:00:07]} 22. Bb1 {[%clk 00:33:28]} {[%emt 00:00:06]} Ne7 {[%clk
00:44:00]} {[%emt 00:02:11]} 23. h4 {[%clk 00:29:35]} {[%emt 00:04:22]} Nf5
{[%clk 00:37:39]} {[%emt 00:06:51]} 24. Bxf5 {[%clk 00:26:16]} {[%emt
00:03:49]} exf5 {[%clk 00:38:04]} {[%emt 00:00:05]} 25. Qh5 {[%clk 00:15:02]}
{[%emt 00:11:44]} Be4 {[%clk 00:34:23]} {[%emt 00:04:11]} 26. e6 {[%clk
00:15:17]} {[%emt 00:00:15]} Qf8 {[%clk 00:34:33]} {[%emt 00:00:21]} 27. f3
{[%clk 00:13:18]} {[%emt 00:02:28]} Bd3 {[%clk 00:34:04]} {[%emt 00:01:00]} 28.
exf7+ {[%clk 00:13:31]} {[%emt 00:00:17]} Qxf7 {[%clk 00:34:30]} {[%emt
00:00:03]} 29. Qg5 {[%clk 00:13:51]} {[%emt 00:00:10]} Rc6 {[%clk 00:32:10]}
{[%emt 00:02:50]} 30. Ra1 {[%clk 00:12:02]} {[%emt 00:02:19]} Rcc8 {[%clk
00:29:08]} {[%emt 00:03:33]} 31. Qf4 {[%clk 00:08:53]} {[%emt 00:03:39]} Qe7
{[%clk 00:27:07]} {[%emt 00:02:31]} 32. Rac1 {[%clk 00:04:45]} {[%emt
00:04:38]} h6 {[%clk 00:24:46]} {[%emt 00:02:51]} 33. b3 {[%clk 00:04:15]}
{[%emt 00:01:00]} Rd8 {[%clk 00:22:31]} {[%emt 00:02:45]} 34. bxc4 {[%clk
00:04:11]} {[%emt 00:00:33]} bxc4 {[%clk 00:22:53]} {[%emt 00:00:08]} 35. Ra1
{[%clk 00:03:49]} {[%emt 00:00:52]} Kh7 {[%clk 00:17:07]} {[%emt 00:06:16]} 36.
Rxa8 {[%clk 00:03:24]} {[%emt 00:00:55]} Rxa8 {[%clk 00:17:35]} {[%emt
00:00:02]} 37. Ra1 {[%clk 00:03:41]} {[%emt 00:00:14]} Rxa1+ {[%clk 00:17:40]}
{[%emt 00:00:25]} 38. Bxa1 {[%clk 00:04:07]} {[%emt 00:00:04]} Qb4 {[%clk
00:17:24]} {[%emt 00:00:46]} 39. Qd4 {[%clk 00:03:38]} {[%emt 00:00:58]} Qe7
{[%clk 00:17:17]} {[%emt 00:00:37]} 40. Bc3 {[%clk 00:03:48]} {[%emt 00:00:20]}
Qc7 {[%clk 00:17:22]} {[%emt 00:00:26]} 41. Qe5 {[%clk 00:02:28]} {[%emt
00:01:50]} Qxe5 {[%clk 00:17:31]} {[%emt 00:00:21]} 42. Bxe5 {[%clk 00:02:53]}
{[%emt 00:00:05]} g5 {[%clk 00:17:49]} {[%emt 00:00:11]} 43. hxg5 {[%clk
00:03:18]} {[%emt 00:00:06]} hxg5 {[%clk 00:18:15]} {[%emt 00:00:04]} 44. Kf2
{[%clk 00:03:30]} {[%emt 00:00:18]} Kg6 {[%clk 00:18:38]} {[%emt 00:00:07]} 45.
Bc3 {[%clk 00:03:49]} {[%emt 00:00:11]} Kf7 {[%clk 00:19:01]} {[%emt 00:00:07]}
46. Ke1 {[%clk 00:04:05]} {[%emt 00:00:13]} Ke6 {[%clk 00:19:24]} {[%emt
00:00:07]} 47. Kf2 {[%clk 00:01:13]} {[%emt 00:03:22]} Kd5 {[%clk 00:19:42]}
{[%emt 00:00:12]} 48. Ke1 {[%clk 00:01:31]} {[%emt 00:00:13]} Kc5 {[%clk
00:20:05]} {[%emt 00:00:06]} 49. Kd2 {[%clk 00:01:50]} {[%emt 00:00:11]} Bf1
{[%clk 00:20:29]} {[%emt 00:00:07]} 50. Bf6 {[%clk 00:30:22]} {[%emt 00:01:57]}
Bxg2 {[%clk 00:50:49]} {[%emt 00:00:10]} 51. Bxg5 {[%clk 00:30:47]} {[%emt
00:00:06]} Bxf3 {[%clk 00:51:12]} {[%emt 00:00:06]} 52. Kc3 {[%clk 00:31:12]}
{[%emt 00:00:04]} Kd5 {[%clk 00:51:37]} {[%emt 00:00:06]} 1/2-1/2